000 01117cam a22003014a 4500
001 203613
003 NUST-PNEC
005 20170116180733.0
008 990504s1999 caua 001 0 eng
010 _a 99063318
020 _a0782125557
020 _a8176561312
040 _aDLC
_cDLC
_dDLC
042 _apcc
050 0 0 _aQA76.76.O63
_bD3428 1999
082 0 0 _a005.4/469
_221
100 1 _aDanesh, Arman.
245 1 0 _aMastering Linux /
_cArman Danesh.
250 _aPremium ed.
260 _aSan Francisco :
_bSybex,
_cc1999.
300 _axl, 1189 p. :
_bill. ;
_c24 cm.
500 _aIncludes index.
630 0 0 _aLinux.
_xMIS, Computer
856 4 2 _uhttp://www.amazon.com/Mastering-Linux-Premium-Arman-Danesh/dp/B00005U8WH/ref=sr_1_fkmr0_1?s=books&ie=UTF8&qid=1416386312&sr=1-1-fkmr0&keywords=mastering+linux+premium+edition+by+arman+danish
906 _a7
_bcbc
_corignew
_d2
_eopcn
_f19
_gy-gencatlg
942 _2ddc
_cBK
999 _c61852
_d61852